000 00476nam a2200181Ia 4500
005 20250423100548.0
008 250422s9999 xx 000 0 und d
020 _a0-566-00538-7
050 _aJX 1977.8
100 _aHoushang Ameri
245 0 _aPolitics and Process in the Specializes Agencies of the United Nations
260 _aUSA
260 _bGower Publishing Company Limited
260 _c1982
300 _a283 p
650 _aPolitical Science
942 _cBK
999 _c33680
_d33680